Loading...
Science - Physics | 0 | 3 | 0 | 0 | 30 | 111 | 125.33 | 0 | 3 |
Social Science | 0 | 2 | 0 | 0 | 20 | 75 | 82.50 | 2 | 2 |
Other Arts: Auditory | 0 | 2 | 0 | 0 | 20 | 124 | 127.50 | 0 | 2 |
Literature - American Literature | 1 | 0 | 0 | 0 | 15 | 78 | 78.00 | 1 | 1 |
Science - Biology | 0 | 1 | 0 | 0 | 10 | 133 | 133.00 | 1 | 1 |
Current Events | 0 | 1 | 0 | 0 | 10 | 99 | 99.00 | 0 | 1 |
History - World History | 0 | 1 | 0 | 0 | 10 | 97 | 97.00 | 1 | 1 |
Other Science: Computer Science | 0 | 1 | 0 | 0 | 10 | 117 | 117.00 | 0 | 1 |
Other Science: Math | 0 | 1 | 0 | 0 | 10 | 137 | 137.00 | 1 | 1 |
Fine Arts - Auditory Fine Arts | 0 | 1 | 1 | 0 | 5 | 97 | 97.00 | 0 | 1 |
Science - Chemistry | 0 | 0 | 0 | 0 | 0 | 0.00 | 0 | 0 | |
0 | 0 | 0 | 0 | 0 | 0.00 | 0 | 0 |